Úloha bankovního dohledu

Uplatňovanie bankového dohľadu Českou národnou bankou na základe zákonov č. 6/1993 Sb. o Českej národnej banke a zákona č. 21/1992 Sb. o bankách. Hlavné ciele dohľadu nad vykonávaním bankových činností a starostlivosťou o fungovanie a rozvoj bankového systému v ČR. Úsek bankového dohľadu Českej náro...

Descripción completa

Guardado en:
Detalles Bibliográficos
Autor principal: Volf, A.
Formato: Capítulo de libro
Lenguaje:checo
Materias:
Etiquetas: Agregar Etiqueta
Sin Etiquetas, Sea el primero en etiquetar este registro!

MARC

LEADER 00000naa a2200000 4500
001 r023769
005 20221213082742.9
041 0 |a cze 
044 |a CZ 
245 1 0 |a Úloha bankovního dohledu  |c A. Volf 
520 |a Uplatňovanie bankového dohľadu Českou národnou bankou na základe zákonov č. 6/1993 Sb. o Českej národnej banke a zákona č. 21/1992 Sb. o bankách. Hlavné ciele dohľadu nad vykonávaním bankových činností a starostlivosťou o fungovanie a rozvoj bankového systému v ČR. Úsek bankového dohľadu Českej národnej banky a jeho dva ďalšie odborné útvary. Podmienky pre povoľovanie pôsobenie bánk, podnikanie bánk. Opatrenia ČNB na kapitálovú primeranosť bánk. Riadenie likvidity banky. Úverová angažovanosť bánk. Klasifikácia úverov a tvorba rezerv a opravných položiek. 
610 2 0 |a bankovníctvo 
610 2 0 |a zákony 
610 2 0 |a dohľad bankový 
610 2 0 |a ČNB Praha 
610 2 0 |a likvidita 
610 2 0 |a úver bankový 
610 2 0 |a klasifikácia 
610 2 0 |a pohľadávky 
610 2 0 |a tvorba rezerv 
100 1 |a Volf, A.